【プロ野球】 2025年 中日ドラゴンズ 応援歌 - Statistics

General Stats
  • This quiz has been taken 74 times
  • The average score is 20 of 27
Answer Stats
応援歌 選手名 % Correct
夢へ導く 希望の道をひたむきに前進 さあ歩み続けろ 岡林勇希
96%
球は伸びゆく永遠に 頂へ(〇〇)更なる高み 行け〇〇(〇〇) 高橋周平
96%
今この地で 歓声起こせよ〇!〇!〇!〇! 今日も頼むぜ カリステ
93%
燃える青はさやけく 湧きのぼる意気果てなし今だ〇〇一筋の光 夜明けを告げる 中田翔
93%
走れグランドを全力で 夢追い人よ冴え渡る華麗なその姿 煌めけ鮮やかに 田中幹也
89%
竜の力を纏い 輝く未来呼べ風切り裂き走る 誠知る男 上林誠知
87%
〇〇! 〇〇!轟く一打 燃ゆる気迫を胸に 猛打炸裂 遥か彼方強き一打 無限の空へ 細川成也
87%
共に行こう期待を背負い 時代を切り開く君のその姿に 鼓動を重ねて 村松開人
85%
昂る一打で 挑め戦え 振り抜け〇〇! 飛ばせ〇〇! 夢の放物線 昂る(オイ!)一打で(オイ!) 挑め戦え 石川昂弥
84%
オーオオー⋯ 覇道極める男 今だ魅せてやれ〇〇〇〇 その名響かせて いざ終わりなき道をゆく 根尾昂
84%
飛び出せ〇〇 疾風の如く その手でチャンスを 切り開け 大島洋平
82%
左腕の系譜 受け継ぎ挑む この仲間と共に 夢の舞台へ 大野雄大
80%
試練を乗り越え 栄光ある戦士となる広角に打ち返せ 〇〇〇〇 福永裕基
75%
魅せろ今 勝利のため 己の道を信じて ゆけ〇〇 木下拓哉
75%
さあ飛び立て 栄光の頂へ秘めた想い 今龍よ空へ舞い昇れ 土田龍空
73%
闘志を燃やせ 気迫で守り抜け勝利の歓声 受けて羽ばたけ 加藤匠馬
71%
ここで決めろ〇〇 プライドかけた一打をさあ今この舞台で 夢が動き出す 駿太
65%
魂 ボールに込めて 立ち向かえ全力で今こそ我らを勝利へ 導け〇〇 ピッチャー
62%
我らと未来へ 虹かけろ美しき世界を 君の手で 宇佐見真吾
58%
さぁ今だ放て 熱き想い勝利への弾道を 描け〇〇 個別応援歌の無い選手
58%
オイ!オイ!オイ!オイ!オイ!オイ!Let's Go 〇〇 ×2
みなぎる闘志を奮い立て お前が打たなきゃ誰が打つ ​今 勝利を掴め
チャンステーマ1
58%
オオオー ⋯⋯ このスタンド狂喜乱舞する 一打を放て 
敵を砕く一打を Oh Oh Oh 我らと共に  歓喜への道進め 勝ち取るんだ Oh
​燃え上がれ ぶちかませ 強き竜の力見せろ
チャンステーマ2
56%
オオオーオオーオーオーオオオー バットに思い込めてオオーオオーオーオーオオオーオオ  Dragon Soul 見せろ このスタンドの声が 君の力になる 恐れずに振り抜け Woh Woh Woh チャンステーマ3
56%
海を越えて 夢を叶える勝利掴め 我らと共に ラーラララーラ ラララララーラ Let's Go Together Get The Victory 個別応援歌の無い外国人選手
55%
オーオイ!オイ!オイ!オイ!オイ!〇〇! オイ!〇〇! オイ! オイ! オイ!オイ!〇〇! オイ!さあ今、打ち砕け 響かせろ勝利への足音 心をひとつに さあ今、打ち砕け 打ち砕け
55%
一振りで 勝利の糸を手繰り寄せろ篝火の如くチームを 照らすホームラン 鵜飼航丞
53%
今だこの流れ呼び込め龍の牙をむけもぎ取れ オーオーオ オーオーオ オーオーオ  オーオーオオー たたみかけろー チャンステーマ4
53%
No matching quizzes found
Score Distribution
Percent of People with Each Score
Percentile by Number Answered
Your Score History
You have not taken this quiz